Normal view
MARC view
- Quantity surveying
Entry Topical Term
001 - CONTROL NUMBER
- control field: 90570
003 - CONTROL NUMBER IDENTIFIER
- control field: NUST
005 - DATE AND TIME OF LATEST TRANSACTION
- control field: 20220311105529.0
008 - FIXED-LENGTH DATA ELEMENTS
- fixed length control field: 220311|| aca||aabn | a|a d
040 ## - CATALOGING SOURCE
- Original cataloging agency: NUST
- Transcribing agency: NUST
150 ## - HEADING--TOPICAL TERM
- Topical term or geographic name entry element: Quantity surveying
670 ## - SOURCE DATA FOUND
- Source citation: Work cat.: (NUST)0: Lee, Sandra Jean, 1953- author. 90568, Willis's elements of quantity surveying /
